[Event "Oberliga Southwest 1998/99"]
[Site "masterchessopen.com Germany"]
[Round "5"]
[White "Pax Horst Dr (GER)"]
[Black "Bauer Martin (GER)"]
[Result "1-0"]
[WhiteElo "2146"]
[BlackElo "2101"]

1.e4 c5 2.Nf3 Nc6 3.d4 cxd4 4.Nxd4 Nf6 5.Nc3 d6 6.Bg5 e6 7.Qd2 Be7 8.O-O-O Bd7
9.Ndb5 O-O 10.Nxd6 a6 11.f4 e5 12.Bxf6 Bxf6 13.Nxb7 Qb6 14.Nd5 Qxb7 15.Nxf6+
gxf6 16.Qxd7 Qb6 17.fxe5 Rab8 18.b3 fxe5 19.Qg4+ Kh8 20.Bc4 Qe3+ 21.Kb1 Qc3
22.Qe2 Rb4 23.Bd5 Nd4 24.Qd2 Nb5 25.Qc1 Ra4 26.Rd3 Rxa2 27.Kxa2 Qa5+ 28.Kb2
Rd8 29.c4 Nd4 30.Qc3 Qc7 31.Rxd4 exd4 32.Qxd4+ {#r} 1-0

[Event "Tournament (provincial)"]
[Site "masterchessopen.com Habana (Cuba)"]
[Round "0"]
[White "Vega Lemay (CUB)"]
[Black "Montero Reynier (CUB)"]
[Result "1-0"]
[WhiteElo "2292"]
[BlackElo "2147"]

1.e4 c5 2.Nf3 Nc6 3.d4 cxd4 4.Nxd4 Nf6 5.Nc3 d6 6.Bg5 e6 7.Qd2 Be7 8.O-O-O O-O
9.Ndb5 Qa5 10.Bxf6 gxf6 11.Qh6 Ne5 12.f4 Ng6 13.Rd3 Rd8 14.Rh3 d5 15.exd5 exd5
16.Qxh7+ Kf8 17.Rh5 Bg4 18.Rh6 d4 19.Bc4 Be6 20.Bxe6 fxe6 21.Qxg6 Bc5 22.Rh8+
{#r} 1-0

[Event "It (open)"]
[Site "masterchessopen.com Hamburg (Germany)"]
[Round "1"]
[White "Klovans Janis (LAT)"]
[Black "Stark Thomas (GER)"]
[Result "1-0"]
[WhiteElo "2465"]
[BlackElo "2024"]

1.e4 c5 2.Nf3 Nc6 3.d4 cxd4 4.Nxd4 Nf6 5.Nc3 d6 6.Bg5 e6 7.Qd2 Be7 8.O-O-O O-O
9.Nb3 Qb6 10.f3 Rd8 11.h4 a6 12.h5 Qc7 13.h6 g6 14.Qf4 Ne8 15.Bxe7 Nxe7 16.e5
d5 17.Qe3 b6 18.f4 Bb7 19.Nd4 Rac8 20.Bd3 Nc6 21.Nce2 Qe7 22.Nxc6 Rxc6 23.Nd4
Rc5 24.g4 Bc8 25.f5 exf5 26.gxf5 Nf6 27.fxg6 fxg6 28.Qg5 {#r} 1-0

[Event "Memorial Bader (open)"]
[Site "masterchessopen.com Heves (Hungary)"]
[Round "1"]
[White "Hidegh Gabor (HUN)"]
[Black "Kiss Jozsef (HUN)"]
[Result "1-0"]
[WhiteElo "2064"]
[BlackElo "1979"]

1.e4 c5 2.Nf3 Nc6 3.d4 cxd4 4.Nxd4 Nf6 5.Nc3 d6 6.Bg5 e6 7.Qd2 Be7 8.O-O-O h6
9.Bxf6 Bxf6 10.Nxc6 bxc6 11.Qxd6 Bb7 12.Nb5 Qxd6 13.Nxd6+ Ke7 14.Nxb7 Rab8
15.Ba6 Be5 16.g3 {#r} 1-0

[Event "Ch Europe (for the Blind)"]
[Site "masterchessopen.com Krynica (Poland)"]
[Round "6"]
[White "Khokhlov Viacheslav (MDA)"]
[Black "Mas Artigas Pere (ESP)"]
[Result "0-1"]
[WhiteElo "2277"]
[BlackElo "2120"]

1.e4 c5 2.Nf3 Nc6 3.d4 cxd4 4.Nxd4 Nf6 5.Nc3 d6 6.Bg5 e6 7.Qd2 Be7 8.f4 Qb6
9.Nxc6 bxc6 10.e5 dxe5 11.fxe5 Nd5 12.Nxd5 cxd5 13.Bxe7 Qxb2 14.Qb4 Qxa1+
15.Kd2 Qxe5 16.Bb5+ Bd7 17.Bxd7+ Kxd7 18.Qb7+ Qc7 {#R} 0-1

[Event "Tournament (2)"]
[Site "masterchessopen.com Mexico City (Mexico)"]
[Round "3"]
[White "Rosas Raul (MEX)"]
[Black "Villanueva Garciacano Manuel Ed (MEX)"]
[Result "1-0"]
[WhiteElo "2117"]
[BlackElo "1968"]

1.e4 c5 2.Nf3 d6 3.d4 cxd4 4.Nxd4 Nf6 5.Nc3 Nc6 6.Bg5 e6 7.Qd2 Qb6 8.Bxf6 gxf6
9.O-O-O Nxd4 10.Qxd4 Qxd4 11.Rxd4 a6 12.Bc4 b5 13.Be2 Rg8 14.g3 Rg5 15.f4 Rc5
16.Rhd1 Bb7 17.Kb1 Rac8 18.a3 d5 19.exd5 Bxd5 20.Nxd5 exd5 21.Rxd5 Rxc2 22.Bg4
R8c7 23.Rd8+ Ke7 24.R1d7+ {#r} 1-0

[Event "Ch World (juniors) (under 12)"]
[Site "masterchessopen.com Oropesa (Spain)"]
[Round "2"]
[White "Predojevic Borki (BIH)"]
[Black "Bellaiche Anthony (FRA)"]
[Result "0-1"]
[WhiteElo "2643"]
[BlackElo "2099"]

1.e4 c5 2.Nf3 Nc6 3.d4 cxd4 4.Nxd4 Nf6 5.Nc3 d6 6.Bg5 e6 7.Qd2 h6 8.Bxf6 gxf6
9.O-O-O a6 10.f4 h5 11.Be2 Bd7 12.Bf3 Qb6 13.Nb3 O-O-O 14.Kb1 Kb8 15.g3 h4
16.Ne2 Be7 17.c4 hxg3 18.hxg3 Rxh1 19.Rxh1 Qf2 20.Qc3 f5 21.exf5 e5 22.Bxc6
Bxc6 23.Re1 Be4+ 24.Ka1 exf4 25.Nbc1 Rg8 26.gxf4 Bxf5 {#R} 0-1

[Event "Ch World (juniors) (under 12)"]
[Site "masterchessopen.com Oropesa (Spain)"]
[Round "11"]
[White "Stolerman Jack (USA)"]
[Black "Bellaiche Anthony (FRA)"]
[Result "1-0"]
[WhiteElo "2285"]
[BlackElo "2099"]

1.e4 c5 2.Nf3 Nc6 3.d4 cxd4 4.Nxd4 Nf6 5.Nc3 d6 6.Bg5 e6 7.Qd2 h6 8.Bxf6 gxf6
9.O-O-O a6 10.Kb1 Qb6 11.Nb3 Bd7 12.f4 O-O-O 13.Be2 h5 14.Bf3 h4 15.Rhf1 Be7
16.Qe2 Rdg8 17.Nd5 exd5 18.exd5 Ne5 19.fxe5 fxe5 20.Be4 Rg7 21.Rf2 Bg5 22.Rdf1
Bf4 23.Qd3 Rg5 {#r} 1-0

[Event "Ch Poland (team) (2nd liga)"]
[Site "masterchessopen.com Polanica Zdroj (Poland)"]
[Round "9"]
[White "Sek Joachim (POL)"]
[Black "Sendera Jaroslaw (POL)"]
[Result "0-1"]
[WhiteElo "2245"]
[BlackElo "2334"]

1.e4 c5 2.Nf3 Nc6 3.d4 cxd4 4.Nxd4 Nf6 5.Nc3 d6 6.Bg5 e6 7.Qd2 Be7 8.O-O-O O-O
9.f3 d5 10.exd5 Nxd5 11.Bxe7 Ncxe7 12.Nxd5 Nxd5 13.c4 Nb6 14.Nb3 Qf6 15.c5 Nd5
16.Bc4 a5 17.Nd4 Rd8 18.Nc2 Bd7 19.Bxd5 exd5 20.Qd4 Qxd4 {#R} 0-1

[Event "It (open)"]
[Site "masterchessopen.com Port of Spain (Trinidad & Tobago)"]
[Round "1"]
[White "Urday Henry (PER)"]
[Black "Gibbs Grantel (JAM)"]
[Result "1-0"]
[WhiteElo "2483"]
[BlackElo "2223"]

1.e4 c5 2.Nf3 Nc6 3.d4 cxd4 4.Nxd4 Nf6 5.Nc3 d6 6.Bg5 e6 7.Qd2 Be7 8.O-O-O O-O
9.Nb3 a6 10.f4 Qc7 11.Bxf6 gxf6 12.Bd3 Bd7 13.f5 Kh8 14.Ne2 Rac8 15.Nf4 Rg8
16.Kb1 a5 17.Bb5 Rg4 18.Rhf1 Ne5 19.Bxd7 Qxd7 20.Qe2 a4 21.Nd4 a3 22.b3 Qc7
23.c4 Qb6 24.fxe6 Rxf4 25.Rxf4 Rxc4 26.Nf5 Rc7 27.exf7 Nxf7 28.Ne3 Qa5 29.Nd5
Rd7 30.Qh5 Bf8 31.Rxf6 Bg7 32.Rxf7 Rd8 33.Rxg7 {#r} 1-0

[Event "It (open)"]
[Site "masterchessopen.com Untergrombach (Germany)"]
[Round "6"]
[White "Mehne Claudius (GER)"]
[Black "Bach Edwin (GER)"]
[Result "0-1"]
[WhiteElo "2087"]
[BlackElo "2286"]

1.e4 c5 2.Nc3 Nc6 3.Nge2 d6 4.d4 cxd4 5.Nxd4 Nf6 6.Bg5 e6 7.Qd2 Be7 8.O-O-O
O-O 9.Nb3 Qb6 10.f3 Rd8 11.Kb1 a6 12.h4 Qc7 13.h5 h6 14.Be3 d5 15.Qf2 dxe4
16.Be2 Rxd1+ 17.Rxd1 Nd5 18.Nxd5 exd5 19.fxe4 d4 20.Nxd4 Nxd4 21.Bxd4 Be6
22.Rd3 Qa5 23.b3 Rc8 24.Rg3 Bg5 25.Kb2 Qd2 {#R} 0-1

[Event "It (open)"]
[Site "masterchessopen.com Villa Martelli (Argentina)"]
[Round "7"]
[White "Sola Ruben (ARG)"]
[Black "Hernandez Gilberto (MEX)"]
[Result "0-1"]
[WhiteElo "2287"]
[BlackElo "2568"]

1.e4 c5 2.Nf3 Nc6 3.d4 cxd4 4.Nxd4 Nf6 5.Nc3 d6 6.Bg5 e6 7.Qd2 Be7 8.O-O-O O-O
9.Nb3 a6 10.f4 Kh8 11.g3 b5 12.Bxf6 gxf6 13.Bd3 b4 14.Ne2 Qb6 15.f5 a5 16.Qh6
Ne5 17.Nf4 Rg8 18.Nd2 Qc5 19.Rhf1 a4 20.Kb1 a3 21.Nb3 Qa7 22.bxa3 Qxa3 23.Nc1
Ba6 24.Bxa6 Rxa6 25.Rd3 Nxd3 26.Nfxd3 Qc3 27.Qh5 b3 28.cxb3 Rxa2 29.Nxa2 Qxd3+
30.Kb2 Qxf1 31.Qxf7 Qe2+ {#R} 0-1

[Event "Cup Zemplen (open)"]
[Site "masterchessopen.com Zemplen (Hungary)"]
[Round "0"]
[White "Boros Daniel (HUN)"]
[Black "Isepy Jozsef (HUN)"]
[Result "1-0"]
[WhiteElo "2292"]
[BlackElo "2194"]

1.e4 c5 2.Nf3 Nc6 3.d4 cxd4 4.Nxd4 Nf6 5.Nc3 d6 6.Bg5 e6 7.Qd2 Be7 8.O-O-O O-O
9.Nb3 a6 10.Bxf6 gxf6 11.Qh6 Kh8 12.Qh5 b5 13.Bd3 b4 14.Nd5 a5 15.Kb1 Ne5
16.Nxe7 Qxe7 17.f4 a4 18.Nc1 Ng6 19.Rhf1 b3 20.cxb3 axb3 21.Nxb3 e5 22.f5 Nf4
23.Qh6 Bb7 24.Bc2 Rfc8 25.Nd2 d5 26.g3 Ne2 27.exd5 Bxd5 28.Bb3 Rd8 29.Bxd5
Rxd5 30.Ne4 Qb4 31.Qxf6+ {#r} 1-0

[Event "It (open) \"]
[Site "masterchessopen.com Manchester (England)"]
[Round "0"]
[White "Ivanov Alexander (USA)"]
[Black "Friedel Joshua E (USA)"]
[Result "1-0"]
[WhiteElo "2515"]
[BlackElo "2518"]

1.e4 c5 2.Nf3 d6 3.d4 cxd4 4.Nxd4 Nf6 5.Nc3 Nc6 6.Bg5 e6 7.Qd2 Be7 8.O-O-O
Nxd4 9.Qxd4 Qa5 10.Bb5+ Kf8 11.f4 {#r} 1-0

[Event "It (open) \"]
[Site "masterchessopen.com Amsterdam (Netherlands)"]
[Round "9"]
[White "Van Der Weide Karel (BEL)"]
[Black "Peek Marcel (NED)"]
[Result "0-1"]
[WhiteElo "2467"]
[BlackElo "2299"]

1.e4 c5 2.Nf3 d6 3.d4 cxd4 4.Nxd4 Nf6 5.Nc3 Nc6 6.Bg5 e6 7.Qd2 Be7 8.O-O-O
Nxd4 9.Qxd4 O-O 10.h4 a6 11.e5 dxe5 12.Qxe5 Bd7 13.Rh3 Qe8 14.Rg3 Kh8 15.h5 h6
16.Bxh6 gxh6 17.Ne4 Qb8 18.Nd6 Be8 19.Rf3 Kg7 20.g4 Bc6 21.Rf4 Rd8 22.g5 Kf8
23.Rxf6 Rxd6 24.Bd3 Rxd3 25.Rxf7+ Kxf7 26.g6+ Ke8 27.Qh8+ Bf8 28.Rxd3 Qf4+
29.Kb1 Qg5 30.b3 Rd8 31.Qg8 Qf6 32.g7 Qxg7 33.Qxe6+ Be7 {#R} 0-1

[Event "Cup BP AMOCO (juniors) (under 16) (team)"]
[Site "masterchessopen.com Baku (Azerbaijan)"]
[Round "0"]
[White "Kinsiz Onur (TUR)"]
[Black "Izoria Zviad (GEO)"]
[Result "0-1"]
[WhiteElo "2139"]
[BlackElo "2450"]

1.e4 c5 2.Nf3 d6 3.d4 cxd4 4.Nxd4 Nf6 5.Nc3 Nc6 6.Bg5 e6 7.Qd2 Qb6 8.O-O-O
Qxd4 9.Qxd4 Nxd4 10.Rxd4 a6 11.Be2 Bd7 12.Rhd1 Bc6 13.f4 Be7 14.Bf3 h6 15.Bh4
g5 16.fxg5 Nd7 17.Bg3 hxg5 18.h3 Ne5 19.Be2 O-O 20.a4 Kg7 21.a5 Rad8 22.Na2 f5
23.Bf3 Nxf3 24.gxf3 e5 25.Rc4 f4 26.Bf2 d5 27.exd5 Rxd5 28.Rxd5 Bxd5 29.Rc7
Rf7 30.Nc3 Bxf3 31.Rc4 Bg2 {#R} 0-1

[Event "It (open)"]
[Site "masterchessopen.com Biel (Switzerland)"]
[Round "2"]
[White "Nemet Ivan (SUI)"]
[Black "Gershon Alik (ISR)"]
[Result "0-1"]
[WhiteElo "2412"]
[BlackElo "2502"]

1.Nf3 c5 2.e4 Nc6 3.d4 cxd4 4.Nxd4 Nf6 5.Nc3 d6 6.Bg5 e6 7.Qd2 Be7 8.O-O-O O-O
9.Kb1 Qb6 10.Nb3 Rd8 11.Qe1 a6 12.f4 Qc7 13.g4 b5 14.Bxf6 Bxf6 15.g5 Be7 16.h4
b4 17.Ne2 e5 18.f5 a5 19.f6 Bf8 20.fxg7 Bxg7 21.Ng3 a4 22.Nc1 Nd4 23.Rxd4 exd4
24.Qxb4 Rb8 25.Qa3 d5 26.e5 Bxe5 27.Nh5 d3 28.Nxd3 Bf5 29.Nf6+ Kh8 30.Qxa4
Bxd3 31.Bxd3 Rxb2+ 32.Kc1 Qc3 {#R} 0-1

[Event "It (c)"]
[Site "masterchessopen.com Budapest (Hungary)"]
[Round "9"]
[White "Szuk Balazs (HUN)"]
[Black "Sharovatova Anastasia (RUS)"]
[Result "1-0"]
[WhiteElo "2355"]
[BlackElo "2181"]

1.e4 c5 2.Nf3 Nc6 3.d4 cxd4 4.Nxd4 Nf6 5.Nc3 d6 6.Bg5 e6 7.Qd2 Be7 8.O-O-O O-O
9.Nb3 a5 10.a4 h6 11.Bxf6 Bxf6 12.Qxd6 Bxc3 13.bxc3 Qf6 14.Qg3 e5 15.Bc4 Be6
16.Bxe6 Qxe6 17.Rd5 Qe7 18.Kb2 Rad8 19.Rhd1 Qc7 20.R1d3 f6 21.Qg4 f5 22.exf5
Rxd5 23.Rxd5 Qf7 24.Qe4 Qxf5 25.Qxf5 Rxf5 26.f3 Rg5 27.g3 b6 28.Rd6 Ne7
29.Rxb6 Nd5 30.Rb5 {#r} 1-0

[Event "It (cat.8)"]
[Site "masterchessopen.com Budapest (Hungary)"]
[Round "5"]
[White "Szieberth Adam (HUN)"]
[Black "Balogh Csaba (HUN)"]
[Result "0-1"]
[WhiteElo "2421"]
[BlackElo "2359"]

1.e4 c5 2.Nf3 d6 3.d4 cxd4 4.Nxd4 Nf6 5.Nc3 Nc6 6.Bg5 e6 7.Qd2 Be7 8.O-O-O O-O
9.Nb3 Qb6 10.f3 a6 11.h4 Rd8 12.Kb1 Qc7 13.g4 b5 14.Bd3 Bb7 15.Bxf6 Bxf6 16.g5
Be7 17.f4 d5 18.e5 Bb4 19.Qg2 Bxc3 20.bxc3 Na5 21.Nxa5 Qxa5 22.Bxh7+ Kh8
23.Rh3 d4 24.Qxb7 dxc3 25.Rxd8+ Rxd8 26.Bd3 Qa3 {#R} 0-1

[Event "Tournament (Elo)"]
[Site "masterchessopen.com Budapest (Hungary)"]
[Round "5"]
[White "Mohd A Altaher (UAE)"]
[Black "Kovacs Robert (HUN)"]
[Result "1-0"]
[WhiteElo "2155"]
[BlackElo "2013"]

1.e4 c5 2.Nf3 d6 3.d4 cxd4 4.Nxd4 Nf6 5.Nc3 Nc6 6.Bg5 e6 7.Qd2 Be7 8.O-O-O O-O
9.f3 d5 10.exd5 Nxd5 11.Bxe7 Ndxe7 12.Nxc6 Nxc6 13.Bd3 Qa5 14.f4 a6 15.Qe3 Nb4
16.Bc4 b5 17.Bb3 Qc7 18.a3 Nc6 19.f5 Na5 20.f6 Nxb3+ 21.cxb3 gxf6 22.Qf3 Bb7
23.Qxf6 Rfd8 24.Rde1 Qd6 25.Re5 Rac8 26.Kb1 b4 27.axb4 Kf8 28.Rf1 Rd7 29.Rxe6
Qd3+ 30.Ka2 Kg8 31.Re5 Rxc3 32.Re8# 1-0

[Event "Ch Europe (juniors) (under 18)"]
[Site "masterchessopen.com Chalkidiki (Greece)"]
[Round "1"]
[White "Sedlak Nikola (SRB)"]
[Black "Manukian Tigran (ARM)"]
[Result "1-0"]
[WhiteElo "2423"]
[BlackElo "2185"]

1.e4 c5 2.Nf3 Nc6 3.d4 cxd4 4.Nxd4 Nf6 5.Nc3 d6 6.Bg5 e6 7.Qd2 Be7 8.O-O-O O-O
9.Nb3 a6 10.Bxf6 Bxf6 11.Qxd6 Bxc3 12.bxc3 Qf6 13.Qd2 b5 14.f4 Rd8 15.Qe3 b4
16.Rxd8+ Qxd8 17.cxb4 Nxb4 18.Qc5 a5 19.a3 a4 20.Nd4 Na6 21.Bxa6 Bxa6 22.Rd1
Qf6 23.g3 Rc8 24.Qd6 Bb7 25.e5 Qd8 26.Nf5 {#r} 1-0

[Event "It (open) (a)"]
[Site "masterchessopen.com Dortmund (Germany)"]
[Round "6"]
[White "Henrich Thomas (GER)"]
[Black "Balogh Csaba (HUN)"]
[Result "1-0"]
[WhiteElo "2159"]
[BlackElo "2359"]

1.e4 c5 2.Nf3 d6 3.d4 Nf6 4.Nc3 cxd4 5.Nxd4 Nc6 6.Bg5 e6 7.Qd2 Qb6 8.Nb3 Be7
9.O-O-O O-O 10.f3 Rd8 11.Be3 Qc7 12.Qf2 d5 13.exd5 Nxd5 14.Nxd5 exd5 15.Bb5
Bf6 16.g4 g6 17.Kb1 Be6 18.h4 d4 19.Bg5 Qe7 20.Bxc6 bxc6 21.Nxd4 Bxg5 22.hxg5
Qxg5 23.Qh2 h6 24.f4 Qd5 25.b3 Bxg4 26.Qxh6 Bh5 27.f5 {#r} 1-0

[Event "Bayern Oberliga NN 1999/00"]
[Site "masterchessopen.com Germany"]
[Round "0"]
[White "Stephan Anna (GER)"]
[Black "Rabeler Gert (GER)"]
[Result "0-1"]
[WhiteElo "2218"]
[BlackElo "2330"]

1.e4 c5 2.Nf3 Nc6 3.d4 cxd4 4.Nxd4 Nf6 5.Nc3 d6 6.Bg5 e6 7.Qd2 Be7 8.O-O-O O-O
9.Nb3 a6 10.Bxf6 gxf6 11.g4 Kh8 12.h4 Rg8 13.g5 fxg5 14.hxg5 Rxg5 15.f4 Rg7
16.Qh2 Qg8 17.e5 dxe5 18.fxe5 Rg4 19.Bd3 Rh4 20.Qe2 Qg7 21.Rhg1 Bg5+ 22.Kb1
Nxe5 23.Ne4 h6 24.Nbc5 Bd7 25.Nd6 Nxd3 26.Nxd7 Qxb2# 0-1

[Event "It (active)"]
[Site "masterchessopen.com Haifa (Israel)"]
[Round "10"]
[White "Anand Viswanathan (IND)"]
[Black "Avrukh Boris (ISR)"]
[Result "1-0"]
[WhiteElo "2762"]
[BlackElo "2625"]

1.e4 c5 2.Nf3 d6 3.d4 cxd4 4.Nxd4 Nf6 5.Nc3 Nc6 6.Bg5 e6 7.Qd2 Qb6 8.Nb3 Be7
9.O-O-O O-O 10.f3 Rd8 11.Nb5 Rd7 12.Qe1 a6 13.N5d4 Qc7 14.h4 Ne5 15.Kb1 b5
16.g4 d5 17.Bxf6 gxf6 18.f4 Ng6 19.f5 Nf4 20.g5 e5 21.Qg3 Kh8 22.g6 Bf8
23.gxh7 Ng6 24.fxg6 exd4 25.g7+ Bxg7 26.Qg2 f5 27.exf5 Rd8 28.Bd3 Bf6 29.Rdg1
Bd7 30.Qg4 Qd6 31.Rg2 Qf8 32.Qh5 {#r} 1-0

[Event "Tournament (e-mail)"]
[Site "masterchessopen.com Internet"]
[Round "0"]
[White "Sakai Kiyotaka (USA)"]
[Black "Bjornsson Tomas (ISL)"]
[Result "1-0"]
[WhiteElo "2231"]
[BlackElo "2252"]

1.e4 c5 2.Nf3 d6 3.d4 cxd4 4.Nxd4 Nf6 5.Nc3 Nc6 6.Bg5 e6 7.Qd2 Be7 8.O-O-O O-O
9.Nb3 Qb6 10.f3 Rd8 11.Kb1 d5 12.Bxf6 dxe4 13.Bxe7 Rxd2 14.Nxd2 f5 15.Ba3 Qf2
16.fxe4 Nd4 17.exf5 exf5 18.Nf3 Nc6 19.Bc4+ Kh8 20.Rhe1 {#r} 1-0

[Event "It (open) (active)"]
[Site "masterchessopen.com Linares (Chile)"]
[Round "7"]
[White "Vargas Ivan (CHI)"]
[Black "Zarnicki Pablo (ARG)"]
[Result "0-1"]
[WhiteElo "2289"]
[BlackElo "2488"]

1.e4 c5 2.Nf3 d6 3.d4 cxd4 4.Nxd4 Nf6 5.Nc3 Nc6 6.Bg5 e6 7.Qd2 Be7 8.O-O-O O-O
9.Kb1 d5 10.exd5 Nxd4 11.Qxd4 Nxd5 12.Nxd5 Bxg5 13.h4 Bh6 14.Nc3 Qxd4 15.Rxd4
g6 16.Nb5 Bg7 17.Rd1 b6 18.Nd6 Bd7 19.Nf5 gxf5 20.Rxd7 Rfd8 21.Rxd8+ Rxd8
22.Bd3 Bd4 23.f3 h5 24.f4 Be3 25.Rf1 Kh7 26.Rf3 Bg1 27.b4 Rg8 28.Bf1 Rg4 29.b5
Rxh4 30.g3 Rh2 31.Ra3 Bc5 32.Rf3 Rf2 {#R} 0-1

[Event "It (open)"]
[Site "masterchessopen.com Milan (Italy)"]
[Round "5"]
[White "Hitzgerova Gabriela (CZE)"]
[Black "Galli Fabio (ITA)"]
[Result "1-0"]
[WhiteElo "2245"]
[BlackElo "2107"]

1.e4 c5 2.Nf3 Nc6 3.d4 cxd4 4.Nxd4 Nf6 5.Nc3 d6 6.Bg5 e6 7.Qd2 Be7 8.O-O-O O-O
9.f3 a6 10.h4 Nxd4 11.Qxd4 Qa5 12.Kb1 b5 13.g4 b4 14.Ne2 e5 15.Qd2 Be6 16.Nc1
Rfd8 17.Bxf6 Bxf6 18.g5 Be7 19.Bh3 Qb6 20.g6 a5 21.gxh7+ Kxh7 22.Bxe6 fxe6
23.Rdg1 g6 24.f4 exf4 25.Qxf4 Qd4 26.Qf7+ Qg7 27.Qxe6 Bf6 28.Nd3 a4 29.Nf4 b3
30.Rxg6 bxc2+ 31.Kxc2 Qc7+ 32.Kb1 Rdc8 33.Rg2 {#r} 1-0

[Event "It (open)"]
[Site "masterchessopen.com Nova Gorica (Slovenia)"]
[Round "9"]
[White "Filipenko Alexander V (RUS)"]
[Black "Lipinsky Fabian (GER)"]
[Result "0-1"]
[WhiteElo "2373"]
[BlackElo "2362"]

1.e4 c5 2.Nf3 Nc6 3.d4 cxd4 4.Nxd4 Nf6 5.Nc3 d6 6.Bg5 e6 7.Qd2 Be7 8.O-O-O
Nxd4 9.Qxd4 a6 10.Kb1 b5 11.Bxf6 gxf6 12.Bd3 Bd7 13.f4 Qc7 14.Qe3 b4 15.Ne2 h5
16.f5 e5 17.Ng3 Bf8 18.Qe2 h4 19.Nf1 Bh6 20.Bxa6 Ke7 21.Bc4 Rhc8 22.Bb3 Ba4
23.Bxa4 Rxa4 24.Rd3 Rxa2 25.Kxa2 Qa5+ 26.Kb1 Ra8 27.c4 Qa2+ 28.Kc2 Qxc4+ {#R}
0-1

[Event "Ch Paris (open)"]
[Site "masterchessopen.com Paris (France)"]
[Round "5"]
[White "Bakus Michel (FRA)"]
[Black "Bellaiche Anthony (FRA)"]
[Result "1-0"]
[WhiteElo "2170"]
[BlackElo "2225"]

1.e4 c5 2.Nf3 Nc6 3.d4 cxd4 4.Nxd4 Nf6 5.Nc3 d6 6.Bg5 e6 7.Qd2 h6 8.Bxf6 gxf6
9.O-O-O a6 10.f4 h5 11.Be2 Qb6 12.Nb3 Bd7 13.Kb1 O-O-O 14.h4 Qf2 15.Rdf1 Qxg2
16.Qe3 Qg6 17.Qb6 Re8 18.Rhg1 Qh6 19.Bb5 Be7 20.Bxa6 bxa6 21.Qxa6+ Kb8 22.Nb5
Bd8 23.Nxd6 Kc7 24.Nb5+ Kb8 25.Nc5 Bc8 26.Qxc6 Re7 27.Rg3 Bb7 28.Nxb7 Rxb7
29.Nd6 Rb6 30.Qc8+ {#r} 1-0

[Event "Ch Netherlands (qual)"]
[Site "masterchessopen.com Rotterdam (Netherlands)"]
[Round "2"]
[White "Dambacher Martijn (NED)"]
[Black "Van Der Weide Karel (BEL)"]
[Result "1-0"]
[WhiteElo "2235"]
[BlackElo "2467"]

1.e4 c5 2.Nf3 Nc6 3.d4 cxd4 4.Nxd4 Nf6 5.Nc3 d6 6.Bg5 e6 7.Qd2 Be7 8.O-O-O O-O
9.Nb3 Qb6 10.f3 Rd8 11.Kb1 a6 12.Be3 Qc7 13.Qf2 Nd7 14.h4 b5 15.Bg5 f6 16.Be3
Nce5 17.g4 Rb8 18.g5 Nb6 19.Rg1 Nec4 20.Bd4 fxg5 21.hxg5 Na4 22.Bxc4 Qxc4
23.Qh2 Nxc3+ 24.Bxc3 b4 25.Bxg7 Kxg7 26.Qh6+ Kf7 27.g6+ {#r} 1-0

[Event "Ch Chess Club (open)"]
[Site "masterchessopen.com Tula (Russia)"]
[Round "6"]
[White "Nikolenko Oleg (RUS)"]
[Black "Kozlov Viktor Mihail (RUS)"]
[Result "1-0"]
[WhiteElo "2527"]
[BlackElo "2392"]

1.e4 c5 2.Nf3 Nc6 3.Nc3 d6 4.d4 cxd4 5.Nxd4 Nf6 6.Bg5 e6 7.Qd2 h6 8.Bxf6 gxf6
9.O-O-O a6 10.f4 h5 11.Kb1 Qb6 12.Nb3 Bd7 13.Be2 O-O-O 14.Rhf1 Be7 15.Rf3 Rdg8
16.Bf1 Kb8 17.a3 h4 18.Rd3 Bc8 19.Qe1 Bf8 20.Na4 Qa7 21.Na5 Nxa5 22.Qxa5 Be7
23.Nb6 Bd8 24.Rxd6 Bc7 25.Qc5 Rg4 26.a4 a5 27.b4 Bxb6 28.Rxb6 axb4 29.a5 Rgg8
30.a6 Rd8 31.Rdd6 Rxd6 32.Qxd6+ Ka8 33.Bb5 {#r} 1-0

[Event "It \"]
[Site "masterchessopen.com Alushta (Ukraine)"]
[Round "1"]
[White "Arzumanian Georgy (ARM)"]
[Black "Sharapov Evgeny (UKR)"]
[Result "1-0"]
[WhiteElo "2421"]
[BlackElo "2395"]

1.e4 c5 2.Nf3 d6 3.d4 cxd4 4.Nxd4 Nf6 5.Nc3 Nc6 6.Bg5 e6 7.Qd2 Be7 8.O-O-O O-O
9.f3 Qc7 10.h4 a6 11.Kb1 Rd8 12.g4 Rb8 13.h5 h6 14.Be3 d5 15.e5 Nxe5 16.g5
hxg5 17.Bxg5 Nc4 18.Bxc4 dxc4 19.h6 g6 20.h7+ Kh8 21.Qf4 Qxf4 22.Bxf4 Nd7
23.Nxe6 fxe6 24.Rxd7 {#r} 1-0

[Event "It (cat.2)"]
[Site "masterchessopen.com Budapest (Hungary)"]
[Round "2"]
[White "Meszaros Tamas (HUN)"]
[Black "Balogh Csaba (HUN)"]
[Result "0-1"]
[WhiteElo "2364"]
[BlackElo "2367"]

1.e4 c5 2.Nf3 d6 3.d4 cxd4 4.Nxd4 Nf6 5.Nc3 Nc6 6.Bg5 e6 7.Qd2 Be7 8.O-O-O O-O
9.Nb3 Qb6 10.Be3 Qc7 11.f4 Rd8 12.Be2 a6 13.g4 b5 14.g5 Nd7 15.f5 b4 16.Nb1
Nde5 17.f6 Bf8 18.Qe1 a5 19.Nd4 a4 20.Qh4 Ba6 21.Bxa6 Rxa6 22.Rhf1 g6 23.Nf3
Rc8 24.c3 a3 25.b3 bxc3 26.Nxe5 c2 27.Ng4 Ne5 28.Rd2 Nd3+ {#R} 0-1

[Event "It (open)"]
[Site "masterchessopen.com Cali (Colombia)"]
[Round "4"]
[White "Alzate Dario (COL)"]
[Black "Pupo Emilio (COL)"]
[Result "0-1"]
[WhiteElo "2432"]
[BlackElo "2354"]

1.e4 c5 2.Nf3 d6 3.d4 cxd4 4.Nxd4 Nf6 5.Nc3 Nc6 6.Bg5 e6 7.Qd2 Be7 8.O-O-O O-O
9.f3 a6 10.h4 Nxd4 11.Qxd4 Qc7 12.g4 b5 13.Be3 b4 14.Qxb4 Rb8 15.Qd4 e5 16.Qd3
Be6 17.g5 Nh5 18.Nd5 Bxd5 19.Qxd5 Ng3 20.Bxa6 Nxh1 21.Rxh1 Ra8 22.Bc4 Rfc8
23.Qxf7+ Kh8 24.Bd3 Bxg5 {#R} 0-1

[Event "It (open)"]
[Site "masterchessopen.com Gent (Belgium)"]
[Round "5"]
[White "Gofshtein Zvulon (ISR)"]
[Black "Goormachtigh Johan (BEL)"]
[Result "1-0"]
[WhiteElo "2513"]
[BlackElo "2277"]

1.e4 c5 2.Nf3 d6 3.d4 cxd4 4.Nxd4 Nf6 5.Nc3 Nc6 6.Bg5 e6 7.Qd2 Be7 8.O-O-O O-O
9.f3 Nxd4 10.Qxd4 Qa5 11.h4 Bd7 12.Kb1 Rfc8 13.Qd2 b6 14.g4 Rc7 15.Qe1 Rac8
16.Bd2 Qc5 17.g5 Nh5 18.f4 b5 19.Be3 Qb4 20.Bd3 a6 21.f5 Bf8 22.f6 g6 23.Bd2
Qc5 24.Be3 Qb4 25.a3 Qa5 26.Bd2 Qb6 27.Ne2 Rb7 28.Ba5 Qe3 29.Bb4 Bc6 30.Bc3
Bxe4 31.Bd2 Qf3 32.Rf1 Qg4 33.Rg1 {#r} 1-0

[Event "Bundesliga (2nd) North 2000/01"]
[Site "masterchessopen.com Germany"]
[Round "8"]
[White "Zesch Ludwig (GER)"]
[Black "Schirm Friedmar (GER)"]
[Result "1-0"]
[WhiteElo "2320"]
[BlackElo "2302"]

1.e4 c5 2.Nf3 d6 3.d4 cxd4 4.Nxd4 Nf6 5.Nc3 Nc6 6.Bg5 e6 7.Qd2 Be7 8.O-O-O
Nxd4 9.Qxd4 O-O 10.f3 a6 11.h4 Qa5 12.Kb1 b5 13.a3 Rb8 14.Bd2 Qc7 15.g4 Nd7
16.g5 Ne5 17.Qe3 Nc4 18.Bxc4 Qxc4 19.h5 d5 20.exd5 b4 21.axb4 Qxb4 22.b3 Bc5
23.Qf4 exd5 24.Ne4 Qa3 25.Nxc5 Be6 26.Qd4 Bf5 27.Bc3 Rxb3+ 28.Nxb3 Qxb3+
29.Bb2 {#r} 1-0